Hormigón pretensado: desarrollo, estructuras, ejecución, aplicaciones

Αποθηκεύτηκε σε:
Λεπτομέρειες βιβλιογραφικής εγγραφής
Κύριος συγγραφέας: Moell, Hans (autor)
Μορφή: Βιβλίο
Γλώσσα:Ισπανικά
Έκδοση: Barcelona Gustavo Gili 1958
Θέματα:
Ετικέτες: Προσθήκη ετικέτας
Δεν υπάρχουν, Καταχωρήστε ετικέτα πρώτοι!

MARC

LEADER 00000nam a2200000 a 4500
001 UCU7601
003 CL-VaPUC
008 960705e19580000SP |||||||||||||||||spa|d
082 0 4 |a 624.183  |b MOE  |2 21 
100 |a Moell, Hans  |e autor  |9 366516 
245 1 0 |a Hormigón pretensado: desarrollo, estructuras, ejecución, aplicaciones 
300 |a 279 p 
942 |c BK 
945 |d 19960705 00:00:00  |a lriquelm 
260 |a Barcelona  |b Gustavo Gili  |c 1958 
650 0 |a Hormigones  |9 262546 
650 7 |a HORMIGON ARMADO  |2 CL-VaPUC  |9 366517 
650 0 |a Arcos   |9 271658 
650 0 |a Elementos estructurales  |9 350100 
650 0 |a Materiales de construcción  |9 260197 
583 |a last modification  |c 19960705 00:00:00  |k Rodrigo Vera 
999 |c 250197  |d 250195 
952 |0 0  |1 0  |4 0  |6 624_183000000000000_MOE_1958  |7 0  |8 A  |9 268062  |a BIBING  |b BIBING  |d 2019-11-19  |i 1698524  |o 624.183 MOE 1958  |p 1698524  |r 2025-01-20  |w 2019-11-19  |y BK  |k CCL